Software design : (Record no. 3309)
[ view plain ]
| 000 -LEADER | |
|---|---|
| fixed length control field | 00593cam a22001932 4500 |
| 001 - CONTROL NUMBER | |
| control field | 0000008605 |
| 005 - DATE AND TIME OF LATEST TRANSACTION | |
| control field | 20151217145843.0 |
| 008 - FIXED-LENGTH DATA ELEMENTS--GENERAL INFORMATION | |
| fixed length control field | 080505s xx 000 0 eng d |
| 020 ## - INTERNATIONAL STANDARD BOOK NUMBER | |
| International Standard Book Number | 9812530193 : |
| Terms of availability | KES |
| 040 ## - CATALOGING SOURCE | |
| Original cataloging agency | KABU |
| Transcribing agency | KABU |
| 100 1# - MAIN ENTRY--PERSONAL NAME | |
| Personal name | Braude, Eric J. |
| -- | 0000159252 |
| 245 10 - TITLE STATEMENT | |
| Title | Software design : |
| Remainder of title | from programming to architecture / |
| Statement of responsibility, etc. | Eric J. Braude. |
| 260 ## - PUBLICATION, DISTRIBUTION, ETC. (IMPRINT) | |
| Place of publication, distribution, etc. | Hoboken, NJ. : |
| Name of publisher, distributor, etc. | John Wiley, |
| Date of publication, distribution, etc. | 2004. |
| 300 ## - PHYSICAL DESCRIPTION | |
| Extent | xx, 550 p. |
| 650 #0 - SUBJECT ADDED ENTRY--TOPICAL TERM | |
| Topical term or geographic name as entry element | Computer software |
| General subdivision | Development. |
| -- | 0000148175 |
| 908 ## - PUT COMMAND PARAMETER (RLIN) | |
| Put command parameter | 080505 |
| 950 ## - LOCAL HOLDINGS (RLIN) | |
| -- | 1 |
| Withdrawn status | Lost status | Source of classification or shelving scheme | Not for loan | Home library | Current library | Date acquired | Total Checkouts | Full call number | Barcode | Date last seen | Date last checked out | Price effective from | Koha item type |
|---|---|---|---|---|---|---|---|---|---|---|---|---|---|
| Library of Congress Classification | Kabarak, Main Campus | Kabarak, Main Campus | 17/12/2015 | 2 | QA76.76 .D47B73 | 008824 | 28/02/2020 | 14/02/2020 | 17/12/2015 | General Collection |